000 00727nab a2200217u 4500
001 21316
003 HDC
007 c| |||a|c|aaaa
008 210306b20120610my ||||o |||| 00| 0 eng d
040 _aHDC
245 0 _aNew Zealand: Conference to spotlight growing halal economy
336 _atext
_2rdacontent
337 _acomputer
_2rdamedia
338 _aonline resource
_2rdacarrier
650 _aglobal halal economy
_913957
650 _ahalal standards and certification
_918917
856 _zRequest full-text at [email protected]
942 _2lcc
942 _cNEWS
942 _kNWS0 004947
999 _c18632
_d18632